Fifteen generations of Bretons : kinship and society in Lower Brittany, 1720-1980

Αποθηκεύτηκε σε:
Λεπτομέρειες βιβλιογραφικής εγγραφής
Κύριος συγγραφέας: Segalen, Martine
Άλλοι συγγραφείς: Underwood, J. A. (Μεταφραστής)
Μορφή: Βιβλίο
Γλώσσα:English
French
Δημοσίευση: Cambridge ; Paris : Cambridge University Press; La maison des sciences de l'homme, 1991.
Σειρά:Cambridge studies in social and cultural anthropology ; 74
Θέματα:
Ετικέτες: Προσθήκη ετικέτας
Δεν υπάρχουν, Καταχωρήστε ετικέτα πρώτοι!

MARC

LEADER 00000cam a2200000 i 4500
001 1/63203
008 930923s enk| ||| |||| ||eng||
020 |a 0521333695 
035 |a ΛΕΣΒΟΣb10001171  |l 10001171 
040 |a GR-MyUA  |b gre  |e AACR2 
041 0 1 |a eng  |h fre 
082 0 |a 944.1 
100 1 |a Segalen, Martine. 
245 1 0 |a Fifteen generations of Bretons :   |b kinship and society in Lower Brittany, 1720-1980 /   |c Martine Segalen ; Translated J. A. Underwood.  
260 |a Cambridge ; Paris :   |b Cambridge University Press; La maison des sciences de l'homme,   |c 1991.  
300 |a 293 σ. :   |b εικ., πιν., σχέδια ;  
490 1 |a (Cambridge studies in social and cultural anthropology   |v ; 74)  
500 |a Τίτλος πρωτοτύπου: Quinze generations de Bas-Bretons.  
504 |a Βιβλιογραφία: σ. 304-313. Ευρετήριο.  
650 0 0 |a Family  |x History  |z France  |z Bigouden. 
650 0 0 |a Peasantry  |z France  |z Bigouden  |x Social conditions. 
651 0 |a Bigouden (France)  |x Social life and customs. 
651 0 |a Bigouden (France)  |x Social conditons. 
700 1 |a Underwood, J. A.  |e trl 
830 0 |a Cambridge studies in social and cultural anthropology ;  |v  74 
852 |a INST  |b LESVOS  |e 19930923  |h 944.1 SEG  |p 005100005513  |q 005100005513  |t BK  |y 0 
909 |a Λ  |b 028632